000
00289nam a2200133Ia 4500
100
_a
Gardner Martin
942
_c
BK
654
_a
mathematical carnival
245
_a
Mathematical Carnival
260
_b
Penguin Books
_a
London
_c
1990
300
_a
274
546
_a
ENGLISH
999
_c
34555
_d
34555